Wszystkie piosenki - vkie - Statystyki

Ogólne statystyki
  • Ten quiz został rozwiązany 694 razy
    660 od ostatniego zresetowania
  • Średni wynik to 23 z 72
Statystyki odpowiedzi
Hint Odpowiedź % Poprawnych
DŻUNGLA MY KONTRA ONI
72%
DŻUNGLA CRAZY FROG
64%
DŻUNGLA MIĘTA
62%
DŻUNGLA SMI
57%
DŻUNGLA ALEPPO
56%
DŻUNGLA BOZO
54%
DŻUNGLA BIG JUNGLE SHIT - OUTRO
53%
DŻUNGLA PUSTKA - BONUS TRACK (feat. Olszakumpel)
53%
DŻUNGLA HANNAH MONTANA
51%
DŻUNGLA WWV (feat. White Widow)
51%
DŻUNGLA NAUCZYŁEM SIĘ
49%
DŻUNGLA TOKSYNY
48%
#VKIEszn ZALICZKA
48%
DŻUNGLA ALGORYTM (feat. MłodyBa)
47%
#VKIEszn NAPĘD
47%
BRAK KONTROLI DWA KROKI W TYŁ
46%
DŻUNGLA KOCHANIE ZROZUM MNIE - BONUS TRACK
46%
DŻUNGLA TO I TAMTO (feat. schafter)
46%
#VKIEszn VKIE SIĘ SKOŃCZYŁ
45%
BRAK KONTROLI OGCALI
42%
BRAK KONTROLI FLY (feat. White Widow & Yung Adisz)
40%
#VKIEszn OMERTA
40%
DŻUNGLA TWOJA LIGA NISKA (feat. Astrogxral)
40%
DŻUNGLA JESTEM W STANIE (feat. Pazzy)
39%
#VKIEszn CO SIĘ ZMIENIŁO? (feat. Rusina)
38%
DŻUNGLA DAJ PARE MI
37%
#VKIEszn GDZIE MOJA KULTURA?
37%
BRAK KONTROLI NIE UMRĘ STARY I SPŁUKANY
37%
#VKIEszn DOTLENIONY
36%
BRAK KONTROLI MALI CHŁOPCY
36%
BRAK KONTROLI TANI LUZ (feat. Rusina)
36%
#VKIEszn PO MOJEJ STRONIE
35%
#VKIEszn VIVA SILESIA, VIVA POLONIA
34%
BRAK KONTROLI CIĘŻKO WAM TO PRZYJĄĆ
32%
#VKIEszn POPEŁNIAM (feat. KPSN & Pazzy)
31%
#VKIEszn NIE TRACĘ GŁOWY
30%
Zanim poznałem dżungle Ostatni Krzyk Osiedla
29%
DŻUNGLA NIEMIŁO
27%
Zanim poznałem dżungle Styki (feat. nath)
27%
Zanim poznałem dżungle Benzo
26%
Zanim poznałem dżungle Dziwko (feat. Borowy & White Widow)
26%
JUNKIE EP Larry Gomez
26%
PRIMO EP Primo
26%
JUNKIE EP Junkie
25%
Zanim poznałem dżungle PDW (feat. lil wnyk, młody dziadek & Młody West)
25%
Zanim poznałem dżungle Slatt
24%
Zanim poznałem dżungle The biggest Vkie
24%
JUNKIE EP DOLLO
23%
Zanim poznałem dżungle Otoczenie
23%
PRIMO EP Mati Mefer
22%
PRIMO EP BLONDIE (feat. schafter)
21%
Zanim poznałem dżungle Rocket Team
21%
JUNKIE EP Johnny Test
20%
Zanim poznałem dżungle Copycat
19%
JUNKIE EP OCB!!!
19%
Zanim poznałem dżungle Beep Beep (feat. Kosior & zibex)
18%
JUNKIE EP Biba
18%
DŻUNGLA JEBAĆ TWOICH ZIOMKÓW
18%
Zanim poznałem dżungle Oh Damn (feat. learnhowtohustle)
18%
PRIMO EP Picosong
18%
JUNKIE EP Zinedine
18%
PRIMO EP MJ (feat. Uki Grajda & Wiktor z WWA)
17%
PRIMO EP Vibin
16%
PRIMO EP Nie skumasz
15%
PRIMO EP Pora działać
15%
PRIMO EP Za oknem (feat. Szopen & Wiktor z WWA)
15%
PRIMO EP Asteroida (feat. Marczak & Młody West)
14%
Ponadwami Mixtape TIKTOK
13%
Ponadwami Mixtape Gicik
12%
Ponadwami Mixtape Obcy 2
10%
Ponadwami Mixtape OKEJ, OJEJ
10%
#VKIEszn KIEDYŚ NIE BYŁO TAM MIEJSCA (feat. młodyba)
8%
Nie znaleziono quizów pasujących do podanych kryteriów
Rozkład punktacji
Procent ludzi z każdym wynikiem
Percentyl według liczby udzielonych odpowiedzi
Twoja historia wyników
Nie rozwiązałeś tego quizu od ostatniego zresetowania